| 000 | 00611nam a2200193Ia 4500 | ||
|---|---|---|---|
| 008 | 140321s9999 xx 000 0 und d | ||
| 020 | _a9789719919476 | ||
| 050 |
_aKPM 3230 _b.D591e 2013 |
||
| 100 | _aDomondon, Abelardo T. | ||
| 245 |
_aLocal government and real property taxation / _cAbelardo T. Domondon. |
||
| 250 | _a10th ed. | ||
| 260 |
_aManila : _bGIC Enterprises, _cc2013. |
||
| 300 |
_a420 p. : _c22 cm. |
||
| 521 | _aMC | ||
| 650 |
_aLocal taxation _xLaw and legislation --Philippines. |
||
| 650 |
_aReal property tax _xLaw and legislation --Philippines. |
||
| 942 |
_kLOC _cBK |
||
| 999 |
_c48399 _d48399 |
||